| 000 | 00562cam a22001697 4500 | ||
|---|---|---|---|
| 001 | ltf91040539 | ||
| 003 | DLC | ||
| 005 | 20260227111553.0 | ||
| 008 | 910416q19001959gw 000 0 ger | ||
| 010 | _altf91040539 | ||
| 040 |
_aDLC _cDLC _dDLC |
||
| 050 | 0 | 0 | _a4N 638 |
| 110 | 2 | _aStaatliche Kunsthalle Karlsruhe. | |
| 245 | 0 | 0 |
_aMittelalterliche Kunst in Baden; _bAusstellung, veranstaltet für den Wiederaufbau der St. Stephanskirche und der Evangelischen Stadtkirche in Karlsruhe, 9. Juli - 2. Oktober 1949. |
| 260 |
_a[Karlsruhe, _c19 ] |
||
| 300 | _a31 p. | ||
| 999 |
_c37567 _d37567 |
||